| 000 | 00408nam a2200157Ia 4500 | ||
|---|---|---|---|
| 008 | 160316s1997 xxu||||| |||| 00| 0 eng d | ||
| 082 |
_a344.042330 _bMEH |
||
| 100 | _aMehra M L | ||
| 245 | _aThe hand book of drug laws | ||
| 250 | _a9th | ||
| 260 |
_aAllahabad _bUniversity Book Agency _c1997 |
||
| 300 |
_a923p _b _c |
||
| 365 | _bRs.650/- | ||
| 650 | _a1. Law - Drugs - India 2. Drug Laws | ||
| 700 |
_a _a |
||
| 999 |
_c11313 _d11313 |
||